Governance of water : institutional alternatives and political economy (Record no. 23154)

MARC details
000 -LEADER
fixed length control field 00730 a2200205 4500
000 - LEADER
fixed length control field BKB
001 - CONTROL NUMBER
control field 145628
005 - DATE AND TIME OF LATEST TRANSACTION
control field 20200902170957.0
008 - FIXED-LENGTH DATA ELEMENTS--GENERAL INFORMATION
fixed length control field
020 ## - INTERNATIONAL STANDARD BOOK NUMBER
International Standard Book Number 9780761936077
082 ## - DEWEY DECIMAL CLASSIFICATION NUMBER
Classification number 333.9100954
Item number B21G
100 1# - MAIN ENTRY--PERSONAL NAME
Personal name Governance of water : institutional alternatives and political economy
245 1# - TITLE STATEMENT
Title Governance of water : institutional alternatives and political economy
Statement of responsibility, etc edited by Vishwa Ballabh
260 ## - PUBLICATION, DISTRIBUTION, ETC. (IMPRINT)
Place of publication, distribution, etc New Delhi
Name of publisher, distributor, etc Sage Publications
Date of publication, distribution, etc 2008
300 ## - PHYSICAL DESCRIPTION
Extent xiv, 386p.
630 ## - SUBJECT ADDED ENTRY--UNIFORM TITLE
Uniform title Social Work
690 ## - LOCAL SUBJECT ADDED ENTRY--TOPICAL TERM (OCLC, RLIN)
Topical term or geographic name as entry element Water resources development; Water-supply--Government policy; Water-supply--Rates
700 ## - ADDED ENTRY--PERSONAL NAME
Personal name Ballabh, Vishwa, ed.
Numeration
Titles and other words associated with a name
964 ## -
--
-- ENG
--
--
--
--
--
Holdings
Withdrawn status Lost status Damaged status Not for loan Home library Current library Date acquired Cost, normal purchase price Total Checkouts Full call number Barcode Date last seen Date checked out Price effective from Koha item type
        Central University Of Rajasthan Central University Of Rajasthan 19/05/2014 0.00 8 333.9100954 B21G 19532 11/03/2026 11/02/2026 02/09/2020 Books